| 000 | 00913cab a2200253 4500 | ||
|---|---|---|---|
| 001 | ABS58778 | ||
| 008 | 090401t1998 xxu||||| |||| 00| 0 eng d | ||
| 035 | _a(Sirsi) u86695 | ||
| 041 | _aeng | ||
| 245 | _aDouble trouble | ||
| 260 | _c1998 | ||
| 350 | _a0 | ||
| 490 |
_aEstates Gazette _v(9822) 30 May 1998, 142-144(3) |
||
| 520 | _aWarns professionals that under UK law they are liable for concurrent liability, where they can be sued for torts as well as breaches of contract. Provides examples under case law of joint and several liability and criminal prosecutions, and looks at appropriate forms of remedy. | ||
| 650 | _aBREACH OF CONTRACT | ||
| 650 | _aCONCURRENT LIABILITY | ||
| 650 | _aCRIMINAL PROSECUTIONS | ||
| 650 | _aJOINT LIABILITY | ||
| 650 | _aNEGLIGENCE | ||
| 650 | _aTORT | ||
| 690 | _aMANAGEMENT-BUSINESS MANAGEMENT-PROFESSIONAL PRACTICE | ||
| 942 | _n0 | ||
| 948 | _c09/06/1998 | ||
| 999 |
_c54588 _d54588 |
||